Turbulent flows : fundamentals, experiments and modeling

Αποθηκεύτηκε σε:
Λεπτομέρειες βιβλιογραφικής εγγραφής
Άλλοι συγγραφείς: Biswas, G. (Επιμελητής έκδοσης), Eswaran, V. (Επιμελητής έκδοσης)
Μορφή: Βιβλίο
Γλώσσα:English
Δημοσίευση: Pangbourne : Alpha Science, c2002
Σειρά:IIT Kanpur series of advanced texts
Θέματα:
Ετικέτες: Προσθήκη ετικέτας
Δεν υπάρχουν, Καταχωρήστε ετικέτα πρώτοι!

MARC

LEADER 00000nam a2200000 i 4500
001 1/79958
008 080402s2002 eng d
020 |a 1-84265-067-X 
035 |l 10096094 
040 |a GR-MY-UA  |b gre  |e aacr 
041 0 |a eng 
082 0 |a 620.1064  |2 (22) 
245 1 0 |a Turbulent flows :  |b fundamentals, experiments and modeling /  |c editors, G. Biswas, V. Eswaran 
260 |a Pangbourne :   |b Alpha Science,   |c c2002 
300 |a x, 456 σ.;  |b εικ.;  |c 25 εκ. 
490 1 |a IIT Kanpur series of advanced texts 
504 |a Περιέχει βιβλιογραφικές παραπομπές και ευρετήριο 
650 0 0 |a Turbulence. 
650 0 0 |a Fluid mechanics. 
650 0 0 |a Turbulent boundary layer. 
700 1 |a Biswas, G.  |4 edt 
700 1 |a Eswaran, V.  |4 edt 
830 0 |a IIT Kanpur series of advanced texts 
852 |a INST  |b SAMOS  |e 20080402  |h 620.1064 TUR  |p 005300026618  |q 005300026618  |t BK  |y 0 
901 |a BIBL3-2008-1 
909 |a Σ  |b 142420 
922 |a 3ΕΛΗ  |b 200712  |c ΕΠΕΑΕΚ2/ΤΜΗΜΑ ΜΑΘΗΜΑΤΙΚΩΝ  |d ΕΛΕΥΘΕΡΟΥΔΑΚΗΣ 
970 |a ΡΟΥΣΣΟΥ  |b ΚΩΝΣΤΑΝΤΙΝΑ  |z 2008/04/02